World war two : (Record no. 18521)
[ view plain ]
| 000 -LEADER | |
|---|---|
| fixed length control field | 01002nam a2200289 i 4500 |
| 003 - CONTROL NUMBER IDENTIFIER | |
| control field | EG-ScBUE |
| 005 - DATE AND TIME OF LATEST TRANSACTION | |
| control field | 20240313115656.0 |
| 008 - FIXED-LENGTH DATA ELEMENTS--GENERAL INFORMATION | |
| fixed length control field | 141030s2014 e bo f b 001 0 eng d |
| 020 ## - INTERNATIONAL STANDARD BOOK NUMBER | |
| International Standard Book Number | 9780141037141 |
| 040 ## - CATALOGING SOURCE | |
| Original cataloging agency | EG-ScBUE |
| Language of cataloging | eng |
| Description conventions | rda |
| Transcribing agency | EG-ScBUE |
| Modifying agency | EG-ScBUE |
| 082 04 - DEWEY DECIMAL CLASSIFICATION NUMBER | |
| Edition number | 22 |
| Classification number | 940.53 |
| Item number | STO |
| 100 1# - MAIN ENTRY--PERSONAL NAME | |
| 9 (RLIN) | 36376 |
| Personal name | Stone, Norman, |
| Dates associated with a name | 1941- |
| Relator term | author. |
| 245 10 - TITLE STATEMENT | |
| Title | World war two : |
| Remainder of title | a short history / |
| Statement of responsibility, etc | Norman Stone. |
| 246 3# - VARYING FORM OF TITLE | |
| Title proper/short title | World War 2 |
| 246 3# - VARYING FORM OF TITLE | |
| Title proper/short title | World War II |
| 246 34 - VARYING FORM OF TITLE | |
| Title proper/short title | A short WWII history : |
| Remainder of title | 'a master historian-the snappiest history of the war you'll ever read' |
| 264 #1 - PUBLICATION, DISTRIBUTION, ETC. (IMPRINT) | |
| Place of publication, distribution, etc | London : |
| Name of publisher, distributor, etc | Penguin Books, |
| Date of publication, distribution, etc | 2014. |
| 300 ## - PHYSICAL DESCRIPTION | |
| Extent | xxvi, 238 pages : |
| Other physical details | maps, photographs ; |
| Dimensions | 20 cm |
| 336 ## - CONTENT TYPE | |
| Source | rdacontent |
| Content type term | text |
| Content type code | txt |
| 337 ## - MEDIA TYPE | |
| Media type term | unmediated |
| Source | rdamedia |
| Media type code | n |
| 338 ## - CARRIER TYPE | |
| Carrier type term | volume |
| Carrier type code | nc |
| Source | rdacarrier |
| 504 ## - BIBLIOGRAPHY, ETC. NOTE | |
| Bibliography, etc | Includes bibliographical references and index.<br/> |
| 650 #7 - SUBJECT ADDED ENTRY--TOPICAL TERM | |
| 9 (RLIN) | 13860 |
| Topical term or geographic name as entry element | World War, 1939-1945 |
| Source of heading or term | BUEsh |
| 653 ## - INDEX TERM--UNCONTROLLED | |
| Resource For college | BAEPS, Political Science |
| Arrived date list | October2014 |
| 655 ## - INDEX TERM--GENRE/FORM | |
| Form subdivision | Reading book |
| 9 (RLIN) | 34232 |
| 942 ## - ADDED ENTRY ELEMENTS (KOHA) | |
| Source of classification or shelving scheme | Dewey Decimal Classification |
| Koha item type | Book - Borrowing |
| Withdrawn status | Lost status | Source of classification or shelving scheme | Damaged status | Not for loan | Collection code | Home library | Current library | Shelving location | Date acquired | Source of acquisition | Cost, normal purchase price | Total Checkouts | Total Renewals | Full call number | Barcode | Date last seen | Date checked out | Cost, replacement price | Price effective from | Koha item type |
|---|---|---|---|---|---|---|---|---|---|---|---|---|---|---|---|---|---|---|---|---|
| Dewey Decimal Classification | Baccah | Central Library | Central Library | Second Floor | 30/10/2014 | Purchase | 120.00 | 1 | 1 | 940.53 STO | 000036876 | 15/07/2025 | 15/10/2017 | 150.00 | 30/10/2014 | Book - Borrowing | ||||
| Dewey Decimal Classification | Baccah | Central Library | Central Library | Second Floor | 30/10/2014 | Purchase | 120.00 | 2 | 4 | 940.53 STO | 000036877 | 15/07/2025 | 22/11/2017 | 150.00 | 30/10/2014 | Book - Borrowing | ||||
| Dewey Decimal Classification | Baccah | Central Library | Central Library | Second Floor | 30/10/2014 | Purchase | 120.00 | 2 | 4 | 940.53 STO | 000036878 | 15/07/2025 | 25/02/2018 | 150.00 | 30/10/2014 | Book - Borrowing |